[Event "World Rapid 2016"]
[Site "Doha QAT"]
[Date "2016.12.28"]
[Round "12.24"]
[White "Nakamura,Hi"]
[Black "Matlakov,M"]
[Result "1-0"]
[WhiteElo "2779"]
[BlackElo "2694"]

1.d4 Nf6 2.Bg5 d5 3.e3 c5 4.Nc3 Nc6 5.dxc5 e6 6.Nf3 Bxc5 7.Bd3 h6 8.Bh4 g5
9.Bg3 Nh5 10.a3 a6 11.Ne2 Qf6 12.b4 Bf8 13.Bc7 Bg7 14.Rb1 e5 15.e4 dxe4 16.Bxe4 Bf5
17.Nc3 O-O 18.Qd6 Bxe4 19.Nxe4 Qf5 20.Nfd2 Nd4 21.O-O Rac8 22.c4 Nf4 23.b5 Qg4
24.Ng3 Nf5 25.Qb6 Nh4 26.Qxb7 axb5 27.cxb5 Nhxg2 28.b6 Nh4 29.Kh1 e4 30.Bxf4 Qxf4
31.Rbd1 Rfe8 32.Qa6 Rcd8 33.Qe2 Rxd2 34.Rxd2 Nf3 35.Rd3 Nd4 36.Qe3 Qe5 37.Nxe4 Qd5
38.f3 Kh8 39.Rfd1 Rd8 40.b7 Qxb7 41.Rxd4 Bxd4 42.Rxd4 Qb1+ 43.Kg2 Qb2+ 44.Rd2  1-0

[Event "World Rapid 2016"]
[Site "Doha QAT"]
[Date "2016.12.28"]
[Round "13.18"]
[White "Nakamura,Hi"]
[Black "Vachier Lagrave,M"]
[Result "0-1"]
[WhiteElo "2779"]
[BlackElo "2804"]

1.e4 c5 2.Nf3 d6 3.Bb5+ Nd7 4.c3 Nf6 5.d3 g6 6.O-O Bg7 7.Re1 a6 8.Ba4 O-O
9.Bc2 e5 10.a4 b6 11.d4 exd4 12.cxd4 cxd4 13.Nxd4 Bb7 14.Nc3 Re8 15.Bg5 Rc8
16.Bd3 h6 17.Bh4 Nc5 18.f3 Qd7 19.Bf1 d5 20.e5 Nh5 21.g4 Nf4 22.Bg3 Rxe5
23.Rxe5 Bxe5 24.Qd2 Ncd3 25.Nce2 Nxe2+ 26.Nxe2 Bxg3 27.hxg3 Ne5 28.Nd4 Qd6
29.Kg2 Nc6 30.Re1 Qf6 31.Nxc6 Rxc6 32.Re8+ Kg7 33.Qb4 Rc5 34.a5 d4 35.Be2 d3
36.Bd1 Qd6 37.Qxb6 Qxb6 38.axb6 Rc1 39.Re7 Rxd1 40.Rxb7 Rd2+ 41.Kf1 Rxb2
42.Ke1 Kf6 43.Rb8 a5 44.b7 a4 45.Kd1 d2 46.Ra8 Rxb7 47.Rxa4 Rd7 48.Ra6+ Kg7
49.Ra3 g5 50.Rb3 Rd4 51.Ra3 Kg6 52.Ra6+ f6 53.Ra3 h5 54.gxh5+ Kxh5 55.Ra1 f5
56.Ke2 f4 57.Rh1+ Kg6 58.g4 Kf6 59.Ra1 Ke5 60.Kd1 Rd3 61.Ra5+ Kd4 62.Rxg5 Ke3
63.Rh5 Kxf3 64.Rh3+ Ke4 65.Rh2 f3 66.g5 Ke3 67.Rh1 Rc3  0-1

[Event "World Rapid 2016"]
[Site "Doha QAT"]
[Date "2016.12.28"]
[Round "14.26"]
[White "Vitiugov,N"]
[Black "Nakamura,Hi"]
[Result "0-1"]
[WhiteElo "2726"]
[BlackElo "2779"]

1.d4 Nf6 2.c4 g6 3.g3 c5 4.d5 b5 5.cxb5 a6 6.bxa6 d6 7.Nc3 Nbd7 8.e4 Bg7
9.Nf3 O-O 10.Qc2 Nb8 11.Be2 Nxa6 12.O-O e6 13.dxe6 Bxe6 14.Bf4 d5 15.exd5 Nb4
16.Qd2 Nfxd5 17.Be5 f6 18.Nxd5 Bxd5 19.Bc3 Nxa2 20.Rad1 Bb3 21.Qxd8 Rfxd8
22.Rxd8+ Rxd8 23.Ba5 Re8 24.Re1 Bf7 25.Bd2 Rb8 26.Be3 Bf8 27.Nd2 f5 28.b3 Nc3
29.Bc4 Bxc4 30.bxc4 Rb2 31.Ra1 Na2 32.Rb1 Rb4 33.Ra1 Rb2 34.Rb1 Rxb1+ 35.Nxb1 Kf7
36.Kf1 Ke6 37.Nd2 Nc3 38.Nb3 Na4 39.Ke2 Kd6 40.Kd3 Kc6 41.Kc2 Bg7 42.Na5+ Kb6
43.Nb3 Bf6 44.f3 Be5 45.Kd3 Bb2 46.Kc2 Ba3 47.g4 Kc7 48.h4 Kd6 49.h5 gxh5
50.Bf4+ Ke6 51.gxh5 Nb6 52.Kd3 Nd7 53.Be3 Kd6 54.Bf4+ Kc6 55.Na5+ Kb6 56.Nb3 Bb2
57.Bd6 Kc6 58.Be7 Ne5+ 59.Ke2 Ba3 60.Na5+ Kb6 61.Bd8+ Ka6 62.Bc7 Nd7 63.Nb3 Nf6
64.h6 Kb7 65.Bd8 Nd7 66.Ke3 Nf8 67.Bf6 Ne6 68.Kd3 Bb4 69.Be7 Kc6 70.Bf6 Kd6
71.Ke3 Ba3 72.Bc3 Ke7 73.Kd3 Kf7 74.Na5 Bc1 75.Nc6 Bxh6 76.Ne5+ Ke8 77.Nc6 Bf4
78.Be1 Bc7 79.Na7 h5 80.Nb5 Be5 81.Bf2 Kd7 82.Bh4 Nf4+ 83.Kd2 Ng2 84.Bf2 h4
85.Ke2 h3 86.Kf1 Nf4 87.Bg3 Nd3 88.Bxe5 Nxe5 89.Kf2 h2 90.Kg2 Nxf3 91.Nc3 Ke6
92.Nd1 Nd2 93.Nb2 Ke5 94.Kxh2 Kd4 95.Kg3 Nxc4 96.Na4 Nd6  0-1

[Event "World Rapid 2016"]
[Site "Doha QAT"]
[Date "2016.12.28"]
[Round "15.19"]
[White "Nakamura,Hi"]
[Black "Bu Xiangzhi"]
[Result "1/2-1/2"]
[WhiteElo "2779"]
[BlackElo "2705"]

1.d4 Nf6 2.Nc3 d5 3.Bg5 c5 4.e3 Nc6 5.Bxf6 gxf6 6.Nf3 Bg4 7.h3 cxd4 8.exd4 Bxf3
9.Qxf3 Nxd4 10.Qg4 Nc6 11.O-O-O e6 12.Bc4 Qd7 13.Bxd5 exd5 14.Nxd5 Qxg4 15.Nxf6+ Ke7
16.Nxg4 Bg7 17.Rhe1+ Kf8 18.Rd7 Rb8 19.Ne3 Bh6 20.Kb1 Bxe3 21.Rxe3 Rg8 22.g3 Rd8
23.Red3 Ke8 24.Rxb7 Rxd3 25.cxd3 Rg6 26.b4 Re6 27.b5 Nd4 28.a4 a6 29.Kb2 axb5
30.axb5 Re5 31.b6 Rc5 32.Rb8+ Ke7 33.b7 Rb5+ 34.Kc3 Ne6 35.Rh8 Rxb7 36.Rxh7 Ng5
37.Rh5 Nf3 38.d4 Rd7 39.d5 Ra7 40.Kd3 Kd6 41.Rf5 Ne5+ 42.Ke3 Ra5 43.f4 Ra3+
44.Kf2 Ra2+ 45.Ke3 Ra3+ 46.Ke2 Ra2+ 47.Ke3 Ra3+ 48.Kf2 Ra2+ 49.Ke3 Ra3+  1/2-1/2

[Event "World Blitz 2016"]
[Site "Doha QAT"]
[Date "2016.12.29"]
[Round "1.3"]
[White "Nakamura,Hi"]
[Black "Pantsulaia,L"]
[Result "1-0"]
[WhiteElo "2779"]
[BlackElo "2607"]

1.c4 c5 2.Nf3 Nf6 3.Nc3 e6 4.g3 b6 5.Bg2 Bb7 6.O-O d6 7.d4 cxd4 8.Qxd4 a6
9.Rd1 Nbd7 10.b3 Be7 11.Bb2 O-O 12.Ng5 Bxg2 13.Kxg2 Rc8 14.Nce4 Rc6 15.Qd3 Re8
16.Nxf6+ Nxf6 17.Bxf6 Bxf6 18.Qxh7+ Kf8 19.Qe4 Rc5 20.Nh7+ Kg8 21.Nxf6+ Qxf6
22.Rac1 Rd8 23.Rc2 b5 24.cxb5 Rxc2 25.Qxc2 axb5 26.Qc7 d5 27.Qb6 Ra8 28.Rd4 g5
29.a4 bxa4 30.bxa4 Qe5 31.e3 Kg7 32.h4 Rh8 33.Rg4 f6 34.Qb1 Qc7 35.hxg5 f5
36.Qb2+ e5 37.Rb4 Kg6 38.Rb6+ Kxg5 39.f4+  1-0

[Event "World Blitz 2016"]
[Site "Doha QAT"]
[Date "2016.12.29"]
[Round "2.2"]
[White "Salem,AR"]
[Black "Nakamura,Hi"]
[Result "1-0"]
[WhiteElo "2656"]
[BlackElo "2779"]

1.d4 d5 2.c4 c6 3.Nf3 Nf6 4.Nc3 Qb6 5.e3 Bf5 6.Bd3 Bxd3 7.Qxd3 e6 8.O-O Qa6
9.b3 Bb4 10.Bd2 O-O 11.a3 Bxc3 12.Bxc3 Nbd7 13.Rfd1 b6 14.a4 Rab8 15.Bb2 Rfc8
16.Rac1 Ne4 17.Nd2 Nd6 18.e4 dxe4 19.Nxe4 Nxe4 20.Qxe4 Qb7 21.Rd3 Nf6 22.Qh4 Ne8
23.Rh3 h6 24.Rg3 Kh7 25.Re1 Nd6 26.d5 Nf5 27.Qe4 g6 28.Rh3 cxd5 29.Qf4 g5
30.Qe5 Rg8 31.Rf3 dxc4 32.bxc4 Rbc8 33.Rxf5 exf5 34.Qxf5+ Rg6 35.Rd1 Rf8
36.Rd7 Qxd7 37.Qxd7 Re6 38.h3 Kg6 39.Qd3+ f5 40.Qd7 Ree8 41.Qxa7 Kh5 42.Qxb6 Rb8
43.Qd4 Rfd8 44.g4+ Kh4 45.Qf6 Kxh3 46.Qxh6+ Kxg4 47.Kg2 Kf4 48.Qe6 Re8 49.Bc1+ Kg4
50.f3+ Kh5 51.Qf7+ Kh6 52.Qf6+ Kh7 53.Qxf5+ Kh8 54.Bxg5 Rg8 55.Qh3+ Kg7 56.Qh6+ Kf7
57.Qf6+  1-0

[Event "World Blitz 2016"]
[Site "Doha QAT"]
[Date "2016.12.29"]
[Round "3.18"]
[White "Nakamura,Hi"]
[Black "Mareco,S"]
[Result "1-0"]
[WhiteElo "2779"]
[BlackElo "2635"]

1.c4 e5 2.g3 Nf6 3.Bg2 Bc5 4.Nc3 d6 5.e3 O-O 6.Nge2 a6 7.b3 Re8 8.Bb2 Nc6
9.d3 Ba7 10.Qd2 Bf5 11.h3 h6 12.g4 Be6 13.a3 d5 14.cxd5 Nxd5 15.b4 Qd7 16.Ne4 Rad8
17.Rc1 Nde7 18.Rc3 Ng6 19.Rg1 a5 20.bxa5 Nxa5 21.N2g3 c5 22.Nh5 Kh8 23.f4 f5
24.gxf5 Bxf5 25.Qe2 Qe7 26.Neg3 Nh4 27.Nxf5 Nxf5 28.Be4 Qh4+ 29.Kd1 Nd6 30.Bg6 Re7
31.Kc1 c4 32.Kb1 exf4 33.dxc4 Bxe3 34.Rd1 Red7 35.Rc2 Qg5 36.Qg4 Qxg4 37.hxg4 f3
38.c5 Ndc4 39.Bxg7+ Kg8 40.Rxd7 Rxd7 41.Bc3 Nxa3+ 42.Ka2 Nxc2 43.Nf6+ Kf8
44.Nxd7+ Ke7 45.Bxc2 Kxd7 46.Bxa5 Bxc5 47.Kb3 Ke6 48.Bd2 f2 49.Bd3 Ke5 50.Kc4 Be7
51.Bxh6 b5+ 52.Kc3 b4+ 53.Kc4 b3 54.Kxb3 Kd4 55.Be2 Ke4 56.Bc1 Bd6 57.g5 Kf5
58.Bd3+ Ke6 59.Be3 Be7 60.g6  1-0

[Event "World Blitz 2016"]
[Site "Doha QAT"]
[Date "2016.12.29"]
[Round "4.8"]
[White "Vidit,S"]
[Black "Nakamura,Hi"]
[Result "1/2-1/2"]
[WhiteElo "2689"]
[BlackElo "2779"]

1.d4 Nf6 2.Nf3 e6 3.c4 d5 4.Nc3 Be7 5.Bf4 O-O 6.e3 c5 7.dxc5 Bxc5 8.Be2 dxc4
9.Bxc4 a6 10.Be2 b5 11.Ne5 Bb7 12.O-O Nc6 13.Bf3 Rc8 14.Qxd8 Rfxd8 15.Rfd1 Rxd1+
16.Rxd1 Be7 17.g4 h6 18.h4 Ba8 19.Nxc6 Bxc6 20.Bxc6 Rxc6 21.g5 hxg5 22.hxg5 Nh5
23.Rd7 Bb4 24.Be5 f6 25.gxf6 gxf6 26.Bd4 e5 27.Nd5 exd4 28.Nxb4 Rc1+ 29.Kg2 dxe3
30.fxe3 a5 31.Nd3 Rd1 32.Nc5 Rc1 33.Nb3 Rc2+ 34.Rd2 Rc7 35.Nxa5 Ng7 36.Nb3 Nf5
37.Kf2 Kf7 38.Rd5 Rc2+ 39.Kf3 Nh4+ 40.Kg3 Ng6 41.Rd2 Rc7 42.Nd4 b4 43.Nc2 Rb7
44.b3 Ne7 45.Kf3 Nc6 46.Ke2 Ra7 47.Nd4 Ne5 48.Rc2 Ke7 49.Nf5+ Ke6 50.Nd4+ Kd5
51.Nf3 Ng4 52.Rd2+ Kc5 53.Nd4 Rh7 54.Kf3 Ne5+ 55.Ke4 Rh3 56.Ne6+ Kb5 57.Nf4 Rh1
58.Kf5 Rf1 59.Re2 Nd3 60.Ke4 Ne5 61.Rd2 Ng4 62.Rg2 f5+ 63.Kd3 Rd1+ 64.Ke2 Ra1
65.Kd3 Rd1+ 66.Rd2 Re1 67.Re2 Rd1+ 68.Kc2 Rd6 69.Nd3 Rc6+ 70.Kd2 Ra6 71.Ke1 Re6
72.Kd2 Ra6 73.Kc1 Rc6+ 74.Kd2 Ra6 75.Ke1 Rh6 76.Kd2 Nf6 77.Kc2 Ne4 78.Rg2 Rc6+
79.Kb2 Rd6 80.Kc2 Rc6+ 81.Kb2 Nc3 82.a4+ bxa3+ 83.Kxa3 Ra6+ 84.Kb2 Ra2+ 85.Kxc3 Rxg2
86.Kd4 Rd2 87.e4 f4 88.Kc3 Re2 89.Nxf4 Rxe4 90.Nd3 Rh4 91.Kc2 Rh3 92.Kc3 Rh4
93.Kc2 Kc6 94.Kc3 Kd5 95.Nb4+ Ke4 96.Nc2 Rh3+ 97.Kc4 Rh8 98.b4 Rc8+ 99.Kb3 Kd3
100.Na3 Rb8 101.b5 Kd4 102.Kb4 Rh8 103.b6 Kd5 104.Kb5 Kd6 105.Nc4+ Kd7 106.Na5 Kc8
107.Ka6 Rh1 108.Kb5 Rb1+ 109.Kc6 Rb2 110.Nc4 Rb1 111.Na5 Rxb6+  1/2-1/2

[Event "World Blitz 2016"]
[Site "Doha QAT"]
[Date "2016.12.29"]
[Round "5.14"]
[White "Nakamura,Hi"]
[Black "Naiditsch,A"]
[Result "1-0"]
[WhiteElo "2779"]
[BlackElo "2687"]

1.d4 Nf6 2.c4 e6 3.Nf3 Bb4+ 4.Bd2 c5 5.Bxb4 cxb4 6.a3 Qe7 7.e3 b6 8.axb4 Qxb4+
9.Qd2 Qxd2+ 10.Nbxd2 Bb7 11.Bd3 Nc6 12.Ke2 Nb4 13.Rhc1 Nxd3 14.Kxd3 d6 15.b4 Ke7
16.e4 Rhc8 17.Ne1 d5 18.f3 dxc4+ 19.Nxc4 Bc6 20.Nc2 Ne8 21.N2a3 Nd6 22.Nxd6 Kxd6
23.Rc3 f6 24.b5 Bb7 25.Nc4+ Ke7 26.Rca3 Rc7 27.Nxb6 Rb8 28.Rxa7 f5 29.exf5 Kf6
30.fxe6 Kxe6 31.Nc4 Rbc8 32.Re1+ Kf6 33.Rxb7 Rxc4 34.Ree7  1-0

[Event "World Blitz 2016"]
[Site "Doha QAT"]
[Date "2016.12.29"]
[Round "6.7"]
[White "Morozevich,A"]
[Black "Nakamura,Hi"]
[Result "1/2-1/2"]
[WhiteElo "2676"]
[BlackElo "2779"]

1.e4 c5 2.Nf3 d6 3.d4 cxd4 4.Nxd4 Nf6 5.Nc3 a6 6.Be3 Ng4 7.Bg5 h6 8.Bc1 Nf6
9.Bc4 e6 10.Bb3 b5 11.O-O Be7 12.Qf3 Qb6 13.Be3 Qb7 14.Qg3 b4 15.Na4 g5 16.f3 Bd7
17.Ne2 Bb5 18.Rfe1 Nbd7 19.c4 Bc6 20.Nd4 Nh5 21.Qf2 Nf4 22.Qd2 a5 23.a3 bxa3
24.Rxa3 Kf8 25.Bc2 Ne5 26.Nxc6 Qxc6 27.b3 Rg8 28.Nc3 Rg6 29.Nb5 a4 30.Rea1 Rf6
31.Rxa4 Rxa4 32.Rxa4 Nxg2 33.Kxg2 Nxf3 34.Nd4 Nh4+ 35.Kg1 Qb7 36.Bf2 Bd8
37.c5 Qc8 38.cxd6 e5 39.Bxh4 Bb6 40.Bf2 Qg4+ 41.Kf1 exd4 42.Rxd4 Qf3 43.Kg1 Qg4+
44.Kf1 Qf3 45.Kg1 Qg4+ 46.Kf1 Qf3 47.Kg1 Qg4+  1/2-1/2

[Event "World Blitz 2016"]
[Site "Doha QAT"]
[Date "2016.12.29"]
[Round "7.8"]
[White "Nakamura,Hi"]
[Black "Nguyen Ngoc Truong Son"]
[Result "1-0"]
[WhiteElo "2779"]
[BlackElo "2629"]

1.d4 Nf6 2.c4 e6 3.Nf3 d5 4.Nc3 Bb4 5.cxd5 exd5 6.Bg5 Qd6 7.Nd2 Bf5 8.e3 c6
9.Qb3 Ne4 10.Ndxe4 Bxe4 11.a3 Bxc3+ 12.bxc3 b6 13.Qb4 Qxb4 14.cxb4 a6 15.a4 Kd7
16.Kd2 Kc7 17.f3 Bg6 18.h4 h5 19.g3 Nd7 20.Bh3 f5 21.Bf4+ Kb7 22.e4 dxe4
23.fxe4 Rhf8 24.Rae1 a5 25.b5 cxb5 26.axb5 Rad8 27.Rc1 Nc5 28.Ke3 Ne6 29.Be5 Rf7
30.Rc6 Re8 31.Rhc1 Bh7 32.exf5 Bxf5 33.Bg2 Ka7 34.Ra1 Nc5 35.Bd5 Be6 36.Bf3 Bc4
37.Bxh5 Rxe5+ 38.dxe5 Rf5 39.Bg4 Rxe5+ 40.Kf2 Bxb5 41.Rc7+ Kb8 42.Rxg7 a4
43.h5 Bd3 44.h6 Ne4+ 45.Kg1  1-0

[Event "World Blitz 2016"]
[Site "Doha QAT"]
[Date "2016.12.29"]
[Round "8.5"]
[White "Bosiocic,Mari"]
[Black "Nakamura,Hi"]
[Result "1-0"]
[WhiteElo "2591"]
[BlackElo "2779"]

1.e4 e5 2.Nf3 Nc6 3.Bb5 Nf6 4.d3 Bc5 5.O-O Nd4 6.Nxd4 Bxd4 7.Nd2 a6 8.Ba4 b5
9.Bb3 d6 10.Nf3 Bb6 11.h3 O-O 12.Kh1 Be6 13.Bg5 h6 14.Bh4 c5 15.c3 Rc8 16.Bc2 Qe7
17.Rc1 Bd8 18.Bb1 Qb7 19.Qd2 Be7 20.Rce1 Rfe8 21.d4 cxd4 22.cxd4 Qb8 23.d5 Bd7
24.g4 Nh7 25.Bxe7 Rxe7 26.Rg1 g5 27.h4 f6 28.h5 Nf8 29.b4 Be8 30.Rg3 Nd7
31.Ng1 Nb6 32.Rc1 Nc4 33.Qe1 Rec7 34.Rgc3 Bd7 35.f3 Qa7 36.Ne2 a5 37.bxa5 Qxa5
38.a3 Nxa3 39.Bd3 Rc5 40.Qd2 b4 41.Rxc5 Rxc5 42.Ra1 Bb5 43.Ra2 Bxd3 44.Qxd3 Qb5
45.Qxb5 Rxb5 46.Nc1 Rc5 47.Nd3 Rc3 48.Nxb4 Rxf3 49.Nc6 Rb3 50.Ne7+ Kh7 51.Nf5 Nc4
52.Ra7+ Kh8 53.Nxh6 Ne3 54.Nf7+ Kg8 55.Nxd6 Nxg4 56.Nf5 Nf2+ 57.Kg2 Nxe4
58.d6 Rb8 59.d7 Nc5 60.Rc7 Rb2+ 61.Kf1 Ne6 62.Rc8+ Kf7 63.Re8 Rb1+ 64.Kf2 Rb2+
65.Ke1 Rb1+ 66.Kd2 Rb7 67.Re7+ Kf8 68.h6 Kg8 69.Ke3 g4 70.h7+ Kh8 71.Nh4 Rb3+
72.Kd2 Nf8 73.Ng6+ Nxg6 74.d8=Q+  1-0

[Event "World Blitz 2016"]
[Site "Doha QAT"]
[Date "2016.12.29"]
[Round "9.8"]
[White "Nakamura,Hi"]
[Black "Korobov,A"]
[Result "1-0"]
[WhiteElo "2779"]
[BlackElo "2692"]

1.c4 c5 2.g3 Nc6 3.Bg2 g6 4.e3 Bg7 5.Ne2 Nf6 6.Nbc3 O-O 7.d4 d6 8.O-O cxd4
9.exd4 e5 10.dxe5 dxe5 11.b3 Bf5 12.Ba3 Re8 13.Nb5 Qa5 14.Qe1 Bd3 15.Qxa5 Nxa5
16.Rfe1 Red8 17.Nec3 a6 18.Nc7 Rac8 19.Be7 Rd4 20.Bxf6 Bxf6 21.N7d5 Kg7 22.Nxf6 Kxf6
23.Nd5+ Ke6 24.f4 f6 25.Rad1 Rd8 26.Re3 e4 27.Bxe4 Rxe4 28.Rdxd3 Rxe3 29.Rxe3+ Kd6
30.Nxf6 Kc5 31.a3 Nc6 32.Nxh7 Rd2 33.Ng5 Ra2 34.Ne6+ Kd6 35.b4  1-0

[Event "World Blitz 2016"]
[Site "Doha QAT"]
[Date "2016.12.29"]
[Round "10.6"]
[White "Leko,P"]
[Black "Nakamura,Hi"]
[Result "1/2-1/2"]
[WhiteElo "2693"]
[BlackElo "2779"]

1.e4 c6 2.d4 d5 3.e5 c5 4.dxc5 Nc6 5.Nf3 Bg4 6.c3 e6 7.Be3 Qc7 8.Nbd2 Nge7
9.Bd4 g6 10.h3 Bxf3 11.Nxf3 Bg7 12.Bb5 O-O 13.Bxc6 Nxc6 14.Qe2 a5 15.O-O Rfd8
16.b3 Bf8 17.a3 b6 18.cxb6 Nxd4 19.cxd4 Qxb6 20.Qd3 Rab8 21.Rfb1 Rdc8 22.b4 axb4
23.axb4 Qb5 24.Qe3 Bxb4 25.Ra7 Qe8 26.Qf4 Be7 27.Rxb8 Rxb8 28.h4 Ra8 29.Rb7 Rb8
30.Ra7 Ra8 31.Rb7 Rb8  1/2-1/2

[Event "World Blitz 2016"]
[Site "Doha QAT"]
[Date "2016.12.29"]
[Round "11.7"]
[White "Riazantsev,A"]
[Black "Nakamura,Hi"]
[Result "0-1"]
[WhiteElo "2671"]
[BlackElo "2779"]

1.d4 Nf6 2.c4 e6 3.Nf3 d5 4.Nc3 Be7 5.Bg5 h6 6.Bxf6 Bxf6 7.e3 c6 8.Qd2 O-O
9.h4 g6 10.g4 Bg7 11.g5 h5 12.Ne5 Nd7 13.f4 Qe7 14.O-O-O Nb6 15.c5 Nd7 16.Kb1 Nxe5
17.fxe5 b6 18.Na4 Rb8 19.Rc1 Bd7 20.Bd3 Rfc8 21.Rhf1 Be8 22.Rc2 Qd8 23.Rfc1 Bf8
24.Ka1 Be7 25.Ba6 Rc7 26.Bd3 b5 27.Nc3 b4 28.Na4 b3 29.Rc3 bxa2 30.Ra3 Rcb7
31.Rxa2 Qc7 32.Ra3 Bd8 33.Ka2 a5 34.Rc2 Qe7 35.Rcc3 Rb4 36.Rc2 Qb7 37.Qc3 Bd7
38.Be2 Bc8 39.Qe1 Qa7 40.Qf1 Qb7 41.Ka1 Rxa4 42.Rxa4 Qb3 43.Bd3 Qxa4+ 44.Kb1 Qb4
45.Rf2 Qb7 46.Kc1 Qe7 47.Rf6 Qe8 48.Rf2 a4 49.Qe1 a3 50.bxa3 Rb3 51.Kc2 Rxa3
52.Qb1 Ba6 53.Bxa6 Rxa6 54.Qb3 Be7 55.Kd3 Qa8 56.Ke2 Ra2+ 57.Kf3 Rxf2+ 58.Kxf2 Bd8
59.Kf3 Kf8 60.Qb1 Ke8 61.Kg3 Qa7 62.Qb2 Qa6 63.Kf2 Bc7 64.Qb1 Qb5 65.Qa2 Ba5
66.Qa1 Qb4 67.Kf3 Qe1 68.Qa4 Kd7 69.Qb3 Kc7 70.Kg2 Qe2+ 71.Kg1 Qg4+ 72.Kf1 Qxh4
73.Qa4 Qe1+ 74.Kg2 Qb4 75.Qa1 h4 76.Kf3 Qe1 77.Qb2 Qg3+  0-1

[Event "World Blitz 2016"]
[Site "Doha QAT"]
[Date "2016.12.29"]
[Round "12.3"]
[White "Nakamura,Hi"]
[Black "Dubov,Daniil"]
[Result "1/2-1/2"]
[WhiteElo "2779"]
[BlackElo "2660"]

1.c4 b6 2.d4 Bb7 3.Nc3 e6 4.a3 Nf6 5.Nf3 d5 6.cxd5 exd5 7.Bf4 Bd6 8.Bxd6 Qxd6
9.Rc1 a6 10.g3 O-O 11.Bg2 Nbd7 12.O-O Rfe8 13.e3 Rac8 14.Ne1 c5 15.dxc5 bxc5
16.Nd3 Nb6 17.Na4 Nxa4 18.Qxa4 c4 19.Nf4 Qb6 20.Qb4 Qxb4 21.axb4 Red8 22.Rfd1 Rb8
23.Ra1 g5 24.Ne2 Bc8 25.Nc3 Rxb4 26.Nxd5 Nxd5 27.Bxd5 Kg7 28.Rac1 Rxb2 29.Bxc4 Rxd1+
30.Rxd1 Bg4 31.Ra1 a5 32.Rxa5 Bf3 33.Ra1 h6 34.h3 Rc2 35.Bf1 Rb2 36.Re1 Be4
37.Bg2 Bxg2 38.Kxg2 Rc2 39.Ra1 Rb2 40.Ra4 Rb5 41.h4 Kg6 42.Ra6+ Kg7 43.h5 Rc5
44.g4 Rc4 45.Kg3 Rc3 46.Ra1 Rb3 47.Ra4 Rc3 48.Re4 Rb3 49.Kg2 Rb2 50.Ra4 Rc2
51.e4 Rc3 52.Ra7 Rc4 53.f3 Rc2+ 54.Kg3 Rc5 55.Rd7 Rb5 56.Rd5 Rb3 57.Rf5 Ra3
58.Kf2 Ra2+ 59.Ke3 Ra3+ 60.Kd4 Ra4+ 61.Kc5 Ra6 62.Kb5 Rd6 63.Rd5 Rf6 64.Rd3 Re6
65.Kc5 Ra6 66.Kd5 Ra5+ 67.Kd6 Kf6 68.Rd5 Ra6+ 69.Kd7 Kg7 70.Rd3 Ra7+ 71.Ke8 Ra8+
72.Ke7 Ra7+ 73.Kd6 Ra6+ 74.Ke5 Ra5+ 75.Kd4 Kf6 76.Rb3 Ra4+ 77.Ke3 Ra6 78.Rb5 Ra3+
79.Kf2 Ra7 80.Rf5+ Kg7 81.Rd5 Kf6 82.Rd6+ Kg7 83.Ke3 Ra3+ 84.Rd3 Ra4 85.e5 Ra5
86.Ke4 Ra4+ 87.Rd4 Ra3 88.Rb4 Rc3 89.Rb7 Rc4+ 90.Kd5 Rf4 91.Rb3 Kf8 92.Rb8+ Kg7
93.Rb3 Kf8 94.Ra3 Ke7 95.Ra6 Rxf3 96.Rxh6 Rf4 97.Rh8 Rxg4 98.h6 Rh4 99.h7 g4
100.Ke4 g3+ 101.Kf3 Rh6 102.Kg2 Rh5 103.e6 Rh6 104.Kxg3 Rh1 105.Kg2 Rh6 106.Kf3 Kf6
107.Kg4 Rg6+ 108.Kh5 Rg1 109.exf7 Kxf7  1/2-1/2

[Event "World Blitz 2016"]
[Site "Doha QAT"]
[Date "2016.12.30"]
[Round "13.5"]
[White "Yu Yangyi"]
[Black "Nakamura,Hi"]
[Result "0-1"]
[WhiteElo "2729"]
[BlackElo "2779"]

1.e4 c6 2.d4 d5 3.Nc3 dxe4 4.Nxe4 Nd7 5.Nf3 Ngf6 6.Nxf6+ Nxf6 7.c3 Bf5 8.Bc4 e6
9.O-O h6 10.Ne5 Bd6 11.Bf4 O-O 12.Qe2 Qc7 13.Rad1 Rad8 14.h3 Rfe8 15.Bb3 c5
16.Rfe1 cxd4 17.Rxd4 Qe7 18.Red1 Bc5 19.Rxd8 Rxd8 20.Be3 Rxd1+ 21.Bxd1 Qd6
22.Nc4 Qc7 23.Bxc5 Qxc5 24.Ne3 Be4 25.Bb3 Bc6 26.Qd3 Nd7 27.Qd4 Qxd4 28.cxd4 Nf6
29.h4 Kf8 30.f3 Ke7 31.Kf2 h5 32.Kg3 g6 33.Kf4 Kf8 34.Ke5 Ke7 35.d5 Nd7+
36.Kd4 e5+ 37.Kc3 Bb5 38.d6+ Kf8 39.Kb4 Bc6 40.a4 f5 41.a5 Ke8 42.Be6 f4
43.Nc4 e4 44.fxe4 Bxe4 45.Bh3 Bd5 46.Na3 a6 47.Kc3 Bc6 48.Kd4 Kf7 49.Nc4 Kf6
50.b4 Nf8 51.Nb6 Ne6+ 52.Kc4 Bb5+ 53.Kd5 f3 54.d7 Ke7 55.g3 f2 56.Nc8+ Kd8
57.Kd6 Nf8 58.Ne7 Bxd7 59.Bg2 Bb5 60.Nd5 f1=Q 61.Bxf1 Bxf1 62.Nf4 Bc4 63.Kc5 Bf7
64.Kd6 Nd7 65.Nd3 Be8 66.Nf4 Nf8 67.Nd3 Bc6 68.Ne5 Bg2 69.Nf7+ Ke8 70.Ne5 Bh1
71.Nd3 Kf7 72.Nc5 Kf6 73.Nd3 Kf5 74.Kc7 Ne6+ 75.Kd6 Be4 76.Ne5 Nd4 77.Nd7 Nb5+
78.Kc5 Kg4 79.Nf6+ Kf3 80.Kb6 Bc6  0-1

[Event "World Blitz 2016"]
[Site "Doha QAT"]
[Date "2016.12.30"]
[Round "14.1"]
[White "Nakamura,Hi"]
[Black "Carlsen,M"]
[Result "1/2-1/2"]
[WhiteElo "2779"]
[BlackElo "2840"]

1.d4 d5 2.c4 c6 3.Nf3 Nf6 4.e3 a6 5.Bd2 Ne4 6.Bb4 Bf5 7.Nc3 Qb6 8.Qb3 e6
9.Bxf8 Qxb3 10.axb3 Rxf8 11.Bd3 Nd6 12.Bxf5 Nxf5 13.b4 dxc4 14.b5 Ke7 15.Ke2 Nd6
16.b6 Nd7 17.Na4 f6 18.Rhc1 Nc8 19.Nc5 Rb8 20.Rxc4 Ncxb6 21.Rb4 Nxc5 22.dxc5 Nd5
23.Rb3 Nc7 24.Nd2 Rfd8 25.Rc3 Rd5 26.Nb3 e5 27.Na5 Ne6 28.Rac1 Kd7 29.b4 Kc7
30.Nc4 Rbd8 31.f3 a5 32.Nxa5 Rd2+ 33.Kf1 Rb2 34.Rb3 Rdd2 35.Rxb2 Rxb2 36.Rc4 g5
37.h4 h6 38.hxg5 hxg5 39.Re4 Kb8 40.g3 Ka7 41.f4 Ka6 42.fxe5 f5 43.Rc4 Kb5
44.Rc1 Rh2 45.Kg1 Re2 46.Nxb7 Rxe3 47.Nd6+ Kxb4 48.Nxf5 Rxe5 49.Nd6 Nxc5
50.Kg2 Rd5 51.Rc4+ Kb3 52.Kf3 Nd7 53.Rxc6 Rd3+ 54.Ke4 Rxg3 55.Nf5 Rc3 56.Rxc3+  1/2-1/2

[Event "World Blitz 2016"]
[Site "Doha QAT"]
[Date "2016.12.30"]
[Round "15.2"]
[White "Karjakin,Sergey"]
[Black "Nakamura,Hi"]
[Result "0-1"]
[WhiteElo "2785"]
[BlackElo "2779"]

1.e4 c6 2.Nf3 d5 3.Nc3 dxe4 4.Nxe4 Nf6 5.Nxf6+ exf6 6.Bc4 Bd6 7.Qe2+ Qe7
8.Qxe7+ Kxe7 9.O-O Rd8 10.d4 Bg4 11.Nd2 Kf8 12.c3 Bf5 13.Re1 Nd7 14.Ne4 Be7
15.Ng3 Bg6 16.a4 c5 17.Be3 Rac8 18.Bf1 cxd4 19.Bxd4 Nc5 20.Be3 a6 21.a5 Nb3
22.Ra4 Bc2 23.Bb6 Rd2 24.Rc4 Rxc4 25.Bxc4 Bc5 26.Nf1 Bxb6 27.Nxd2 Nxd2 28.Bd5 Bc7
29.Re2 Bf4 30.g3 Bd3 31.Re1 Bh6 32.f4 Bb5 33.Bxb7 g5 34.Rd1 Nb3 35.Rd6 Nxa5
36.Bxa6 Be8 37.Rxf6 Bg7 38.Rb6 gxf4 39.gxf4 Ke7 40.Bb5 Bxb5 41.Rxb5 Nc4 42.Kf2 Ke6
43.Ke2 Bh6 44.Kd3 Nd6 45.Rh5 Nf5 46.Ke4 Nd6+ 47.Kf3 Nf5 48.b4 Bg7 49.b5 Bxc3
50.b6 Ba5 51.b7 Bc7 52.Rxh7 Nd6 53.Rh6+ Ke7 54.h4 Nxb7 55.Ra6 Nc5 56.Ra7 Kd6
57.h5 Nd7 58.h6 Nf6 59.Ra8 Ke7 60.Rh8 Ke6 61.h7 Bd6 62.Re8+ Nxe8 63.h8=Q Ke7
64.Kg4 Nf6+ 65.Kf5 Nd5 66.Qh4+ Kd7 67.Qh7 Ke7 68.Qh4+ Kd7 69.Qg4 Ne3+  0-1

[Event "World Blitz 2016"]
[Site "Doha QAT"]
[Date "2016.12.30"]
[Round "16.3"]
[White "Nakamura,Hi"]
[Black "Dominguez Perez,L"]
[Result "1-0"]
[WhiteElo "2779"]
[BlackElo "2739"]

1.c4 c5 2.g3 g6 3.Bg2 Bg7 4.e3 Nc6 5.Ne2 e5 6.Nbc3 Nge7 7.O-O O-O 8.a3 a5
9.d3 d6 10.Rb1 Rb8 11.Nd5 Nxd5 12.cxd5 Ne7 13.b4 cxb4 14.axb4 b5 15.bxa5 Qxa5
16.Bd2 b4 17.Qb3 Bg4 18.Nc1 Rb6 19.Na2 Be2 20.Rfc1 Bxd3 21.Qxd3 Qxa2 22.Rxb4 Rfb8
23.Rcb1 Rxb4 24.Rxb4 Rc8 25.e4 Bf8 26.h4 Kg7 27.Be3 Ng8 28.Rb7 Qc2 29.Qxc2 Rxc2
30.Bh3 h5 31.Kg2 Ra2 32.Bg5 Ra4 33.Be6 Nh6 34.Bxh6+ Kxh6 35.Rxf7 Bg7 36.f3 Ra6
37.Rd7 Bf6 38.Bg8 Bg7 39.Kh3 Rb6 40.Kg2 Ra6 41.Kf1 Rb6 42.Ke2 Ra6 43.Kd2 Ra3
44.Ke2 Ra2+ 45.Kf1 Ra1+ 46.Kg2 Ra6 47.g4 hxg4 48.fxg4 g5 49.hxg5+ Kg6 50.Be6 Bf8
51.Rf7 Ra8 52.Rf5 Be7 53.Bf7+ Kg7 54.g6 Ra2+ 55.Kf1 Ra4 56.Be8 Bh4 57.Bxa4  1-0

[Event "World Blitz 2016"]
[Site "Doha QAT"]
[Date "2016.12.30"]
[Round "17.3"]
[White "Nakamura,Hi"]
[Black "Vachier Lagrave,M"]
[Result "0-1"]
[WhiteElo "2779"]
[BlackElo "2804"]

1.c4 e5 2.g3 Nf6 3.Bg2 d5 4.cxd5 Nxd5 5.Nf3 Nc6 6.O-O Nb6 7.b3 Bd6 8.Bb2 O-O
9.d3 Re8 10.Nbd2 Bg4 11.h3 Bf5 12.Rc1 Qd7 13.Kh2 Rad8 14.a3 a5 15.Nh4 Be6
16.Nc4 Nxc4 17.bxc4 b6 18.Nf3 f6 19.Nd2 Bf8 20.Qa4 Nd4 21.Qxd7 Bxd7 22.e3 Ne6
23.d4 exd4 24.exd4 Ba4 25.Rfe1 Kh8 26.Bd5 Bd7 27.h4 c5 28.dxc5 Nxc5 29.Bd4 Na4
30.Ne4 h6 31.Rcd1 Bg4 32.Rb1 Bf5 33.f3 Bxa3 34.Nxf6 Rxe1 35.Rxe1 Bb2 36.Bxb2 Nxb2
37.Ne8 b5 38.h5 Nxc4 39.Nc7 a4 40.Bc6 a3 41.Bxb5 Nd2 42.Ra1 Nxf3+ 43.Kg2 Bg4
44.Kf2 Rc8 45.Rxa3 Nd4 46.Ra4 Nxb5 47.Nxb5 Bxh5 48.Nd4 Rf8+ 49.Kg2 Be8 50.Ra7 Bf7
51.Rd7 Kg8 52.Nf5 Be6 53.Rxg7+ Kh8 54.Rg6 Bxf5 55.Rxh6+ Kg7 56.Rh4 Kg6 57.Rf4 Kg5
58.Kf3 Ra8 59.Kf2 Ra3 60.Rd4 Kf6 61.Rf4 Ke5 62.Rh4 Be4 63.Rg4 Kd4 64.Rf4 Ra2+
65.Kg1 Ke3 66.Rf8 Rg2+ 67.Kf1 Rh2 68.Ke1 Ra2 69.Rd8 Rg2 70.Kf1 Rh2  0-1

[Event "World Blitz 2016"]
[Site "Doha QAT"]
[Date "2016.12.30"]
[Round "18.4"]
[White "Ivanchuk,V"]
[Black "Nakamura,Hi"]
[Result "0-1"]
[WhiteElo "2747"]
[BlackElo "2779"]

1.Nf3 Nf6 2.c4 e6 3.Nc3 d5 4.d4 Be7 5.Bg5 h6 6.Bh4 O-O 7.e3 Ne4 8.Bxe7 Qxe7
9.Rc1 c6 10.Qc2 Nd7 11.Be2 Nxc3 12.Qxc3 dxc4 13.Qxc4 e5 14.O-O exd4 15.Nxd4 Nf6
16.Bf3 Re8 17.Rfd1 a5 18.a3 Bd7 19.Qc5 Qxc5 20.Rxc5 Bg4 21.Bxg4 Nxg4 22.Nf5 Nf6
23.Nd6 Red8 24.Rcc1 Rd7 25.Nc4 Re7 26.f3 b5 27.Nb6 Ra6 28.Rxc6 Rxe3 29.Nd5 Rxc6
30.Nxe3 g6 31.Rd8+ Kg7 32.Rb8 Rc5 33.b4 Rc3 34.Kf2 Rxa3 35.bxa5 Rxa5 36.Rb7 h5
37.h4 Ne8 38.g4 hxg4 39.Nxg4 Ra2+ 40.Kf1 Nd6 41.Rd7 Nf5 42.Ne5 Kf6 43.f4 Nh6
44.Rb7 Rb2 45.Nd3 Rh2 46.Rb6+ Kg7 47.Rxb5 Nf5 48.Rb7 Rxh4 49.Kf2 Nd6 50.Rd7 Ne4+
51.Kf3 Nf6 52.Ra7 Rh3+ 53.Ke2 Nd5 54.Rd7 Nf6 55.Ra7 Ng4 56.Rb7 Re3+ 57.Kd2 Re8
58.Ra7 Kf6 59.Ra6+ Re6 60.Ra5 Re7 61.Rb5 Ra7 62.Ke2 Nh6 63.Ne5 Nf5 64.Rb6+ Kg7
65.Kf3 Ra3+ 66.Kf2 Ra4 67.Kf3 Nd4+ 68.Ke3 Ne6 69.f5 gxf5 70.Rb7 Re4+  0-1